| 000 | 00545nam a2200205Ia 4500 | ||
|---|---|---|---|
| 005 | 20180714113111.0 | ||
| 008 | 131103s9999 xx 000 0 und d | ||
| 020 |
_a9780143101390 _cRs 525.00 |
||
| 040 | _aLoreto College | ||
| 041 | _aEnglish | ||
| 082 |
_a920 _bSET |
||
| 100 | _aSeth, Leila | ||
| 245 |
_aOn balance _bAn autobiography _cLeila Seth;foreword by Vikram Seth |
||
| 260 |
_aNew Delhi _bPenguin Books _c2007 |
||
| 300 | _axvi,478p | ||
| 600 | _aSeth, Leila,1930- | ||
| 650 | _aAutobiography | ||
| 850 | _aLCLIB | ||
| 942 | _cBK | ||
| 999 |
_c41683 _d92162 |
||